El ciclo de la puerta de la muerte

Збережено в:
Бібліографічні деталі
Автори: Weis, Margaret (Автор), Hickman, Tracy (Автор)
Формат: Книга
Мова:Іспанська
Опубліковано: Barcelona Grupo Editorial Ceac 1996
Предмети:
Теги: Додати тег
Немає тегів, Будьте першим, хто поставить тег для цього запису!

MARC

LEADER 00000cam a2200000 a 4500
001 UCF7466
003 CL-VaPUC
008 130627e19960000SP |||||||||||||||||spa|d
020 |a 8448030656o.c 
020 |a 8448030680v.3 
020 |a 8448030702v.5 
020 |a 8448030710v.6 
082 0 4 |a 813  |b WEI  |2 21 
100 0 |a Weis, Margaret  |e author  |9 569507 
700 0 |a Hickman, Tracy  |e author  |9 569508 
245 1 3 |a El ciclo de la puerta de la muerte 
300 |a v 
942 |c BK 
945 |d 20130627 00:00:00  |a cmena 
260 |a Barcelona  |b Grupo Editorial Ceac  |c 1996 
500 |a v.3: El mar de fuego 
500 |a v.5: La mano del caos 
500 |a v.6: En el laberinto 
650 0 |a Novelas estadounidenses  |9 265217 
650 7 |a NOVELAS FANTASTICAS  |2 CL-VaPUC  |9 376979 
650 0 |a Novelas de ciencia ficción  |9 320228 
650 0 |a Literatura estadounidense  |9 317168 
583 |a last modification  |c 20130627 13:18:00  |k Rodrigo Vera 
999 |c 352295  |d 352293